Страны по Курортам - Statistics

General Stats
  • This quiz has been taken 376 times
  • The average score is 13 of 32
Answer Stats
Курорт Страна % Correct
Пляжные Анапа Россия
98%
Пляжные Майами Соединённые Штаты
88%
Пляжные Анталья Турция
79%
Пляжные Ницца Франция
67%
Оздоровительные Кисловодск Россия
67%
Горнолыжные Красная Поляна Россия
66%
Пляжные Паттайя Таиланд
55%
Пляжные Сорренто Италия
55%
Оздоровительные Боржоми Грузия
53%
Оздоровительные Баден-под-Веной Австрия
49%
Пляжные Варна Болгария
48%
Пляжные Гагра Грузия
46%
Горнолыжные Куршевель Франция
44%
Пляжные Акапулько Мексика
43%
Оздоровительные Карловы Вары Чехия
43%
Пляжные Аликанте Испания
37%
Горнолыжные Кортина-д'Ампеццо Италия
36%
Оздоровительные Баден-Баден Германия
35%
Пляжные Ларнака Кипр
32%
Пляжные Санторини Греция
31%
Горнолыжные Клагенфурт Австрия
31%
Оздоровительные Виши Франция
31%
Пляжные Варадеро Куба
21%
Горнолыжные Церматт Швейцария
21%
Горнолыжные Чимбулак Казахстан
17%
Пляжные Пула Хорватия
14%
Горнолыжные Сьерра-Невада Испания
14%
Горнолыжные Аспен Соединённые Штаты
13%
Оздоровительные Спа Бельгия
10%
Пляжные Маэ Сейшелы
8%
Пляжные Монтего-Бей Ямайка
6%
Оздоровительные Бат Великобритания
4%
No matching quizzes found
Score Distribution
Percent of People with Each Score
Percentile by Number Answered
Your Score History
You have not taken this quiz